Les films dont la musique est composée par Hans Zimmer - Statistiques

Statistiques générales
  • Ce quiz a été pris 98 fois
  • Le résultat moyen est 10 sur 164
Statistiques - réponses
Année Réalisateur Genre Réponse % Correct
2010 Christopher Nolan Film Inception
72%
2014 Christopher Nolan Film Interstellar
72%
2000 Ridley Scott Film Gladiator
70%
2021 Denis Villeneuve Film Dune
64%
1994 Roger Allers, Rob Minkoff Film d'animation Le Roi Lion
56%
2019 Jon Favreau Film d'animation Le Roi Lion
56%
2005 Christopher Nolan Film Batman Begins
36%
2012 Christopher Nolan Film The Dark Knight Rises
34%
2008 Mark Osborne, John Stevenson Film d'animation Kung Fu Panda
30%
2017 Christopher Nolan Film Dunkerque
28%
2001 Michael Bay Film Pearl Harbor
27%
2013 Zack Snyder Film Man of Steel
25%
2003 Gore Verbinski Film Pirates des Caraïbes : la Malédiction du Black Pearl
23%
2006 Ron Howard Film Da Vinci Code
18%
2007 Gore Verbinski Film Pirates des Caraïbes : Jusqu'au bout du monde
18%
2006 Gore Verbinski Film Pirates des Caraïbes : le Secret du Coffre maudit
18%
2016 Jennifer Yuh Nelson, Alessandro Carloni Film d'animation Kung Fu Panda 3
16%
2005 Eric Darnell, Tom McGrath Film d'animation Madagascar
16%
2011 Rob Marshall Film Pirates des Caraïbes : la Fontaine de Jouvence
16%
2011 Jennifer Yuh Nelson Film d'animation Kung Fu Panda 2
15%
2008 Christopher Nolan Film The Dark Knight, Le Chevalier Noir
15%
2022 Joseph Kosinski Film Top Gun : Maverick
15%
2009 Guy Ritchie Film Sherlock Holmes
14%
2024 Denis Villeneuve Film Dune : Deuxième partie
13%
2024 Mike Mitchell, Stephanie Stine Film d'animation Kung Fu Panda 4
13%
2017 Denis Villeneuve Film Blade Runner 2049
11%
2008 Eric Darnell, Tom McGrath Film d'animation Madagascar 2
11%
1988 Barry Levinson Film Rain Man
11%
2021 Cary Joji Fukunaga Film Mourir peut attendre
10%
1998 Terrence Malick Film La ligne rouge
9%
2020 Patty Jenkins Film Wonder Woman 1984
9%
2003 Edward Zwick Film Le Dernier Samouraï
8%
2013 Ron Howard Film Rush
8%
1991 Ridley Scott Film Thelma et Louise
8%
2009 Ron Howard Film Anges et démons
7%
2016 Ron Howard Film Inferno
7%
1998 Steve Hickner, Simon Wells, Brenda Chapman Film d'animation Le Prince d'Egypte
7%
1998 Darrell Rooney, Rob LaDuca Film d'animation Le Roi Lion 2
7%
2011 Gore Verbinski Film d'animation Rango
7%
2002 Kelly Asbury, Lorna Cook Film d'animation Spirit : l'étalon des plaines
7%
2023 Gareth Edwards Film The Creator
7%
2022 Florian Zeller Film The Son
7%
1992 Barry Levinson Film Toys
7%
2013 Steve McQueen Film 12 Years a Slave
5%
2016 Zack Snyder Film Batman v Superman : L'aube de la justice
5%
2000 John Woo Film Mission impossible 2
5%
1996 Michael Bay Film Rock
5%
2015 Neill Blomkamp Film Chappie
3%
2001 Ridley Scott Film Hannibal
3%
1990 Tony Scott Film Jours de tonnerre
3%
2004 Antoine Fuqua Film Le Roi Arthur
3%
2010 Tom McGrath Film d'animation Megamind
3%
2010 Chris Renaud, Pierre Coffin Film d'animation Moi, moche et méchant
3%
2014 Marc Webb Film The Amazing Spider Man : le destin d'un héros
3%
2019 Simon Kinberg Film X-Men : Dark Phoenix
3%
2017 Tom McGrath Film d'animation Baby Boss
2%
1989 Ridley Scott Film Black rain
2%
2025 Ron Howard Film Eden
2%
2001 Ridley Scott Film La chute du faucon noir
2%
1996 Tony Scott Film Le Fan
2%
2015 Mark Osborne Film d'animation Le Petit Prince
2%
2016 Theodore Melfi Film Les figures de l'ombre
2%
1989 Bruce Beresford Film Miss Daisy et son chauffeur
2%
1988 Bernard Rose Film Paperhouse
2%
2006 Nancy Meyers Film The Holiday
2%
1993 Tony Scott Film True romance
2%
1988 Andrew Birkin Film Burning secret
1%
1990 John Badham Film Comme un oiseau sur la branche
1%
2004 Bibo Vergeron, Vicky Jenson, Rob Letterman Film d'animation Gang de requins
1%
1990 Peter Weir Film Green card
1%
2001 Werner Herzog Film Invincible
1%
2000 Don Paul, Bibo Bergeron, Jeffrey Katzenberg Film d'animation La Route de l'Eldorado
1%
1985 Jerzy Skolimowski Film Le Bateau phare
1%
2007 David Silverman Film d'animation Les Simpsons - le film
1%
1984 Jerzy Skolimowski Film Le Succès à tout prix
1%
2013 Gore Verbinski Film Lone Ranger, Naissance d'un héros
1%
2012 Eric Darnell, Tom McGrath, Conrad Vernon Film d'animation Madagascar 3 : Bons baisers d'Europe
1%
2024 Barry Jenkins Film d'animation Mufasa : le roi lion
1%
1993 Jon Turteltaub Film Rasta Rockett
1%
2011 Guy Ritchie Film Sherlock Holmes 2
1%
1988 Anthony Thomas Film Spies Inc.
1%
1988 Francis Megahy Film Taffin
1%
1988 Nico Mastorakis Film Terreur sur la ville
1%
1988 Philip Saville Film The Fruit machine
1%
2005 Gore Verbinski Film The Weather Man
1%
1982 Jerzy Skolimowski Film Travail au noir
1%
2020 Ron Howard Film Une ode américaine
1%
1988 Chris Menges Film Un monde à part
1%
1995 Tony Scott Film USS Alabama
1%
2000 Hugh Johnson Film 50 Degres Fahrenheit
0%
1995 Lasse Hallström Film Amour et mensonges
0%
1991 Mike Nichols Film A propos d'Henry
0%
2021 Matthias Schweigöfer Film Army of Thieves
0%
2021 Tom McGrath Film d'animation Baby Boss 2
0%
1991 Ron Howard Film Backdraft
0%
2020 Tim Hill Film d'animation Bob l'éponge
0%
1996 John Woo Film Broken Arrow
0%
1993 John Whitesell Film Calendar Girl
0%
2008 Issa Lopez Film Casi divas
0%
1990 Bernard Rose Film Chicago Joe et la showgirl
0%
2010 James L. Brooks Film Comment savoir
0%
1989 Nick Broomfield Film Diamond Skulls
0%
2014 Neil Burger Film Divergente
0%
1994 John Badham Film Drop Zone
0%
2000 Penny Marshall Film Ecarts de conduite
0%
1990 John Schlesinger Film Fenêtre sur Pacifique
0%
1991 Pat O'Connor Film Fools et Fortune
0%
2015 Peter Sollett Film Free Love
0%
2008 Ron Howard Film Frost/Nixon, l'heure de vérité
0%
2013 Tommy Wirkola Film Hansel et Gretel : Witch Hunters
0%
2009 Jo Baier Film Henri IV
0%
1984 Eric Rochat Film Histoire d'O: Chapitre 2
0%
2018 Daniel Sawka Film Icebox
0%
2021 Nora Fingscheidt Film Impardonnable
0%
1992 Franc Roddam Film K2
0%
2015 Simon Curtis Film La femme au tableau
0%
1996 Penny Marshall Film La femme du pasteur
0%
2013 Bruno Aveillan Film La légende de Shalimar
0%
1993 Bille August Film La maison aux esprits
0%
1992 Charles Finch Film La mort en dédicace
0%
1994 James L. Brooks Film La Petite Star
0%
1992 John G. Avildsen Film La Puissance de l'Ange
0%
2021 Joya Thome Film Lauras Stern
0%
2002 Gore Verbinski Film Le Cercle-The Ring
0%
2005 Hideo Nakata Film Le Cercle-The Ring 2
0%
2011 Ron Howard Film Le Dilemme
0%
1997 Mimi Leder Film Le Pacificateur
0%
2003 Ridley Scott Film Les Associés
0%
2006 Reinhard Klooss, Holger Tappe Film d'animation Les aventures de Impy le dinosaure impie
0%
2003 Antoine Fuqua Film Les Larmes du soleil
0%
2004 Jonathan Frakes Film Les Sentinelles de l'Air
0%
2022 Barry Levinson Film Le Survivant
0%
2018 Steve McQueen Film Les Veuves
0%
2004 Piet De Rycker, Thilo Graf Rothkirch Film d'animation L'étoile de Laura
0%
1996 Brian Henson Film L'île au trésor des Muppets
0%
2008 Guillermo Arriaga Film Loin de la terre brûlée
0%
1987 Nico Mastorakis Film Meurtre dans l'objectif
0%
2013 Sandra Nettelbeck Film Mr. Morgan's Last Love
0%
1985 Stephen Frears Film My Beautiful Laundrette
0%
1995 Chris Columbus Film Neuf mois aussi
0%
1993 John Badham Film Nom de code: Nina
0%
1994 Penny Marshall Film Opération Shakespeare
0%
2009 Nancy Meyers Film Pas si simple
0%
2000 Barry Levinson Film Pile poil
0%
2005 Piet De Rycker, Thilo Graf Rothkirch Film d'animation Plume et l'île mystérieuse
0%
1997 James L. Brooks Film Pour le pire et pour le meilleur
0%
1992 Richard Donner Film Radio Flyer
0%
1994 John Boorman Film Rangoon
0%
2020 Ron Howard Film Rebuilding Paradise
0%
1986 Michael Anderson Film Separate vacations
0%
1996 Bille August Film Smilla
0%
1993 Luis Llosa Film Sniper, tireur d'élite
0%
2004 James L. Brooks Film Spanglish
0%
2015 Alan Taylor Film Terminator Genisys
0%
2016 Sean Penn Film The last face
0%
2001 Sean Penn Film The Pledge
0%
1996 Dan Ireland Film The Whole Wide World
0%
1986 Nico Mastorakis Film The Zero Boys
0%
2003 Nancy Meyers Film Tout peut arriver
0%
1990 Michael Almereyda Film Twister
0%
1995 Nicolas Roeg Film Two Deaths
0%
2014 Akiva Goldsman Film Un amour d'hiver
0%
1992 Penny Marshall Film Une équipe hors du commun
0%
1993 Percy Adlon Film Younger and younger
0%
Aucun quiz correspondant
Distribution des résultats
% des personnes avec chaque résultat
Percentile par nombre de réponses
Votre historique - résultats
Vous n’avez pas pris ce quiz